MARC

LEADER 00000nam0a2200000 4500
001 153658
005 20231031151458.0
010 |a 534301092X 
020 |a RU  |b 91-34542 
035 |a (RuTPU)RU\TPU\book\166698 
090 |a 153658 
100 |a 20090214d1991 k a0rusy5003 ca 
101 0 |a rus 
102 |a BY 
105 |a y z 000zy 
200 1 |a Экономическая система: генезис, структура, развитие  |f Н. В. Герасимов  |g Академия наук Белорусской ССР, Институт экономики (ИЭ АН БССР) 
210 |a Минск  |c Наука и техника  |d 1991 
215 |a 352 с. 
610 1 |a экономические системы 
610 1 |a генезис 
610 1 |a структура 
610 1 |a развитие 
610 1 |a социально-экономические отношения 
610 1 |a противоречия 
610 1 |a социализм 
686 |a У01  |2 rubbk 
700 1 |a Герасимов  |b Н. В.  |g Николай Васильевич  |4 070 
712 0 2 |a Академия наук Белорусской ССР  |b Институт экономики (ИЭ АН БССР)  |c (Минск)  |2 stltpush  |3 (RuTPU)RU\TPU\col\11344 
801 0 |a RU  |b RuMRKP  |c 19950417  |g psbo 
801 1 |a RU  |b 63413507  |c 20090214  |g PSBO 
801 2 |a RU  |b 63413507  |c 20090605  |g PSBO 
942 |c BK